• 首页
  • 本馆介绍
  • 公告通知
  • 最新文献
  • 馆藏检索
  • 电子资源
  • 读者导购
  • 参考咨询
  • 我的图书馆
  • 登录
  • 详细信息显示
  • 放入我的书架
  • 预约/预借图书
  • 作者相关作品
  • 分类相关作品
  • 丛书相关作品
  • 出版社相关作品

书目信息

  • 表格格式
  • 工作单格式
  • 卡片格式
题名:
放射性同位素知识
    
 
作者: ;科学普及出版社编辑部 , 中央人民广播电台科技组 编
分册:  
出版信息: 北京   科学普及出版社  1982
页数: 36页
开本: 19cm
丛书名:
单 册:
中图分类: O615
科图分类:
主题词: 无机化学
电子资源:
ISBN:
000 00871nam0 2200253 45
001 0182011012
005 20060817104434.12
010    @dCNY0.14
091    @a13051.1276
100    @a19950222d1982 em y0chiy0121 ea
101 0  @achi
102    @aCN@b110000
105    @ay z 000yy
200 10 @a放射性同位素知识@Afang she xing tong wei su zhi shi@f中央人民广播电台科技组,科学普及出版社编辑部编@Fzhong yang ren min guang bo dian tai ke ji zu,ke xue pu ji chu ban she bian ji bu bian
210    @a北京@c科学普及出版社@d1982
215    @a36页@d19cm
300    @a科学广播
606 0  @a无机化学
690    @aO615
711 02 @a科学普及出版社编辑部@Ake xue pu ji chu ban she bian ji bu@4编
711 02 @a中央人民广播电台科技组@Azhong yang ren min guang bo dian tai ke ji zu@4编
801  2 @aCN@bNLC@c20060817
801  0 @aCN@b上海图书馆@c20060802
905    @dO615@e2
    
    放射性同位素知识/中央人民广播电台科技组,科学普及出版社编辑部编.-北京:科学普及出版社,1982
    36页;19cm
    科学广播
    
    ISBN :CNY0.14
    
●
相关链接 在E读中查询图书 在五车中查询图书 在当当中查询图书 在豆瓣中查询图书


正题名:放射性同位素知识     索取号:O615/2         预约/预借

序号 登录号 条形码 馆藏地/架位号 状态 备注
1 0073265   000349778   密集书库/ [索取号:O615/2] 在馆    
2 0073266   000349769   密集书库/ [索取号:O615/2] 在馆    
3 0073267   000349787   密集书库/ [索取号:O615/2] 在馆    
4 0073268   000349803   第二样本阅览室/ [索取号:O615/2] 在馆    
5 0073269   202360952   密集书库/ [索取号:O615/2] 在馆    
6 0439544   204395449   密集书库/ [索取号:O615/2] 在馆    
7 0465327   204653277   密集书库/ [索取号:O615/2] 在馆    
唐山师范学院图书馆 欢迎您!
大连网信软件有限公司© 版权所有